Introducción filosófica al estudio del derecho / (Record no. 11637)

000 -CABECERA
fixed length control field 00984nam a22002057a 4500
003 - IDENTIFICADOR DEL NÚMERO DE CONTROL
control field AR-CdUCM
008 - DATOS DE LONGITUD FIJA--INFORMACIÓN GENERAL
fixed length control field 190404b ||||| |||| 00| 0 spa d
040 ## - FUENTE DE LA CATALOGACIÓN
Agencia/entidad que catalogó originalmente la obra MUNICIPALIDAD PROVINCIAL DEL CUSCO
Entidad que transcribió la catalogación BIBLIOTECA MUNICIPAL DEL CUSCO
082 ## - NÚMERO DE LA CLASIFICACIÓN DECIMAL DEWEY
No. de Clasificación 341 /
Notacion interna R41 / 1947
100 ## - ENTRADA PRINCIPAL--NOMBRE DE PERSONA
Nombre Personal Renard, Georges
245 ## - MENCIÓN DE TÍTULO
Título Introducción filosófica al estudio del derecho /
260 ## - PUBLICACIÓN, DISTRIBUCIÓN, ETC.
Lugar de publicación, distribución, etc. Buenos Aires :
Nombre de la editorial, distribuidor, etc. Edit. Desclée, de Brouwer,
Fecha de publicación, distribución, etc. 1947.
300 ## - DESCRIPCIÓN FÍSICA
Nº de Páginas Extensión 3 tomos ;
Dimensiones 20 cm.
505 ## - NOTA DE CONTENIDO CON FORMATO
Nota de contenido formateada Contenido: T.1: El derecho considerado como expresión de la justicia - El derecho considerado como expresión de la voluntad -- T.2: El problema del método - La abstracción - El casuismo --T.3: ¿Que esperamos del derecho natural? - EL fundamento del derecho natural.
650 ## - PUNTO DE ACCESO ADICIONAL DE MATERIA--TÉRMINO DE MATERIA
Descriptor Historia del derecho
9 (RLIN) 29094
700 ## - PUNTO DE ACCESO ADICIONAL--NOMBRE DE PERSONA
Nombre Personal Cunchillos Manterola, Santiago (versión en castellano)
9 (RLIN) 29095
942 ## - ELEMENTOS DE PUNTO DE ACCESO ADICIONAL (KOHA)
Fuente de clasificación
Tipo de item Libros-BMC
945 ## - PROCESAMIENTO DE INFORMACIÓN LOCAL (OCLC)
Catalogador davv
AAAA-MM-DD - Fecha de ingreso o modificacion 04/04/2019
Holdings
Estado de retiro (separado) Fuente de clasificación o esquema de estanterías Estado dañado Ubicación Sala donde se ubica Nombre de la colección Fecha de adquisición o compra Costo, precio normal en soles Signatura topográfica Código de Barras Última vez visto (Koha) Tipo de ítem (Koha)
No     Sala Cusco Antiguo Sala Cusco Antiguo Book Cart 2019-04-04 40.00 341 / R41 / 1947 SCA0001671 2019-04-04 Libros-BMC

Powered by Koha